Sowjetischer Orient : Kunst und Kultur, Geschichte und Gegenwart der Völker Mittelasiens /

محفوظ في:

المؤلف الرئيسي: Pander, Klaus. (مؤلف)

التنسيق: كتاب

اللغة: English

منشور في: Köln : Dumont, 1982.

سلاسل: Dumont Kunst-Reiseführer.
Dumont Dokumente.

الموضوعات:

الوسوم: إضافة وسم

لا توجد وسوم, كن أول من يضع وسما على هذه التسجيلة!

رقم الطلب: DK854 .P36

LEADER 00811nam a22002417a 4500
005 20260205114803.0
008 260205t1982 gw abeabe|| |||| 00| 0 eng d
020 |a 3770112261 
040 |c ARCE Library 
050 1 4 |a DK854  |b .P36 
100 1 0 |a Pander, Klaus.  |e author 
245 1 0 |a Sowjetischer Orient :   |b Kunst und Kultur, Geschichte und Gegenwart der Völker Mittelasiens /   |c Klaus Pander. 
260 0 |a Köln :   |b Dumont,   |c 1982. 
300 |a 413 p. :   |b ill. (some col.), maps, plans ;   |c 21 cm. 
490 0 |a Dumont Kunst-Reiseführer. 
490 0 |a Dumont Dokumente. 
500 |a Includes indexes. 
650 0 |a Art   |z Asia, Central. 
651 0 |a Asia, Central   |x Description and travel. 
651 0 |a Asia, Central   |x History. 
651 0 |a Asia, Central   |x Civilization. 
942 |2 lcc  |c BK 
999 |c 37206  |d 37206